Dictamen fiscal

Bibliographic Details
Main Author: Lp̤ez Cruz, Fernando
Corporate Author: Instituto Mexicano de Contadores Pb︢licos
Format: eBook
Language:Spanish
Published: [Mx̌ico] : Instituto Mexicano de Contadores Pb︢licos, 2010.
Subjects:
Online Access:Acceso restringido

MARC

LEADER 00000nam a22000007a 4500
005 20110906120523.0
008 110906t2010 mx ||||s|||| 00| 0 spa d
020 |a 978-607-7620-41-9 
035 |a 5617 
040 |a vLex 
090 |c 2388  |d 2388 
100 1 |a Lp̤ez Cruz, Fernando 
245 1 0 |a Dictamen fiscal  |h [Recurso electrn̤ico] /  |c Fernando Lp̤ez Cruz  
256 |a Servicio en ln̕ea. 
260 |a [Mx̌ico] :  |b Instituto Mexicano de Contadores Pb︢licos,  |c 2010. 
300 |a 1 recurso electrn̤ico 
506 1 |a Contenido solo disponible en los productos indicados  |d vLex Global  |d vLex Global (Academic Edition, excluding Law Schools)  |d vLex Global (U.S. Academic Edition, Law Schools)  |d vLex Global (U.S. Academic Edition, excluding Law Schools)  |d vLex Global (Academic Edition, Law Schools) 
650 0 4 |a Derecho fiscal  |z Mx̌ico 
710 2 |a Instituto Mexicano de Contadores Pb︢licos 
740 0 |a vLex Libros (Servicio en ln̕ea) 
856 4 0 |u http://vlex.com/source/dictamen-fiscal-5617  |z Acceso restringido 
942 |c BOOK